Barbie songs - Sudden death - Statistics

General Stats
  • This quiz has been taken 217 times
  • The average score is 8 of 16
Answers on the Grid
Answers color-coded by a green-red scale on the quiz's grid according to % correct below.
Perfect day
On top of the world
Cruel summer
I am a girl like you
The rat song
This day aria
Forever and always
If I had magic
Free
At the gala
Love yourself
Can you keep a secret
Connected
How can I refuse
I see the light
Here I am
I wanna dance with somebody
Keep on dancing
Shine
Malibu
Make up
Summer sunshine
Beauty and the beast
Get your sparkle on
Love me
Just a girl
Right here in my arms
All for one
Let's be friends
Moonlight
 
Answer Stats
Answer % Correct
On top of the world
75%
I am a girl like you
69%
Can you keep a secret
58%
If I had magic
57%
Perfect day
56%
Get your sparkle on
55%
All for one
48%
Connected
45%
Here I am
43%
Free
41%
How can I refuse
41%
Keep on dancing
41%
Shine
41%
Right here in my arms
40%
The rat song
39%
Summer sunshine
33%
No matching quizzes found
Score Distribution
Percent of People with Each Score
Percentile by Number Answered
Your Score History
You have not taken this quiz